Guess the Fusion Rock Song Lyrics #51 - Statistics

General Stats
  • This quiz has been taken 15 times
  • The average score is 165 of 245
Answer Stats
Answer % Correct
a
92%
I
92%
in
92%
And
85%
be
85%
For
85%
if
85%
I'll
85%
Ill
85%
I'm
85%
let
85%
me
85%
Olivia Newton-John
85%
our
85%
The
85%
the
85%
to
85%
we
85%
where
85%
You
85%
you
85%
your
85%
can
77%
Come
77%
come
77%
Don't
77%
I've
77%
know
77%
my
77%
no
77%
should
77%
stand
77%
way
77%
when
77%
will
77%
are
69%
been
69%
ever
69%
From
69%
have
69%
magic
69%
Nothin
69%
now
69%
so
69%
won't
69%
always
62%
dream
62%
dreams
62%
hand
62%
make
62%
alive
54%
all
54%
arrive
54%
believe
54%
Destiny
54%
every
54%
Has
54%
mind
54%
take
54%
bring
46%
survive
46%
There's
46%
guiding
38%
home
38%
hopes
38%
mistake
38%
air
31%
catch
31%
fall
31%
free
31%
near
31%
other
31%
stray
31%
Through
31%
road
23%
aim
15%
align
15%
anytime
15%
Building
15%
call
15%
kind
15%
planets
15%
promise
15%
rare
15%
start
15%
turn
15%
Hey
8%
No matching quizzes found
Score Distribution
Percent of People with Each Score
Percentile by Number Answered
Your Score History
You have not taken this quiz